000 00851cam a2200265 a 4500
005 20260322212049.0
008 data
010 _a 96035328
020 _a0931625327 (pbk.)
020 _a9780931625329 (pbk.)
040 _aDLC
_cDLC
_dDLC
050 0 0 _aTL152
_b.K573 1997
082 0 0 _a629.28/72
_220
092 _a629.28 K573 1997
100 1 _aKline, David Nigel,
_d1950-
245 1 0 _aAll about your car /
_cDavid Nigel Kline & Jamie Robertson.
250 _a1st ed.
260 _aSalem, Or. :
_bDimi Press,
_cc1997.
300 _a238 p. :
_bill. ;
_c23 cm.
500 _a"Trouble shooting checklist for use with the book All about your car by David Kline and Jamie Robertson" tipped in at end (xxiv p.).
500 _aIncludes index.
650 0 _aAutomobiles
_xMaintenance and repair.
700 1 _aRobertson, Jamie,
_d1957-
001 data
999 _c1158
_d1158